[Event "IECG CB.2004.0.00121 email"]
[Site "IECG email"]
[Date "2004.08.24"]
[Round "?"]
[White "Fricot, Frederic"]
[Black "Buchaillot, Luis Mario"]
[Result "0-1"]
[WhiteElo "1994"]
[BlackElo "1991"]
[PlyCount "30"]
[EventDate "2004.08.24"]
[EventType "tourn (corr)"]
[EventRounds "6"]
[SourceTitle "Corr 2024"]
[Source "ChessBase"]
[SourceDate "2023.10.19"]
[SourceVersion "1"]
[SourceVersionDate "2023.10.19"]
[SourceQuality "1"]

1. e4 d5 2. exd5 Nf6 3. d4 Nxd5 4. Nf3 g6 5. c4 Nb6 6. Nc3 Bg7 7. h3 0-0 8. Be3 Nc6 9. Be2 e5 10. d5 Ne7 11. 0-0 Nf5 12. Bg5 f6 13. Bd2 Re8 14. Qc2 Nd4 15. Nxd4 exd4 0-1

[Event "IECG CB.2004.0.00121 email"]
[Site "IECG email"]
[Date "2004.08.24"]
[Round "?"]
[White "Fricot, Frederic"]
[Black "Ventimiglia, Charles"]
[Result "0-1"]
[WhiteElo "1994"]
[BlackElo "1935"]
[PlyCount "34"]
[EventDate "2004.08.24"]
[EventType "tourn (corr)"]
[EventRounds "6"]
[SourceTitle "Corr 2008"]
[Source "ChessBase"]
[SourceDate "2008.06.24"]
[SourceVersion "1"]
[SourceVersionDate "2008.06.24"]
[SourceQuality "1"]

1. e4 e5 2. Nf3 Nc6 3. d4 exd4 4. Nxd4 Nf6 5. Nxc6 bxc6 6. e5 Qe7 7. Qe2 Nd5 8. c4 Ba6 9. b3 0-0-0 10. g3 f6 11. Bg2 fxe5 12. 0-0 Nf6 13. Ba3 Qe6 14. Qd2 Bxa3 15. Nxa3 Rhe8 16. b4 Bxc4 17. Nxc4 Qxc4 0-1

[Event "IECG CB.2004.0.00121 email"]
[Site "IECG email"]
[Date "2004.08.24"]
[Round "?"]
[White "Vieito, Luis Maria"]
[Black "Fricot, Frederic"]
[Result "1-0"]
[WhiteElo "1800"]
[BlackElo "1994"]
[PlyCount "23"]
[EventDate "2004.08.24"]
[EventType "tourn (corr)"]
[EventRounds "6"]
[SourceTitle "Corr 2024"]
[Source "ChessBase"]
[SourceDate "2023.10.19"]
[SourceVersion "1"]
[SourceVersionDate "2023.10.19"]
[SourceQuality "1"]

1. e4 c5 2. Nf3 Nc6 3. d3 g6 4. g3 Bg7 5. Bg2 e5 6. Nc3 Nge7 7. 0-0 0-0 8. Nh4 d6 9. f4 exf4 10. Bxf4 h6 11. Be3 Be6 12. Qd2 1-0

[Event "IECG WC.2008.P.00019 email"]
[Site "IECG email"]
[Date "2004.06.07"]
[Round "?"]
[White "Fricot, Frederic"]
[Black "Johansen, Toralf"]
[Result "1-0"]
[WhiteElo "1964"]
[BlackElo "1732"]
[PlyCount "45"]
[EventDate "2004.03.05"]
[EventType "tourn (corr)"]
[EventRounds "6"]
[SourceTitle "Corr 2008"]
[Source "ChessBase"]
[SourceDate "2008.06.24"]
[SourceVersion "1"]
[SourceVersionDate "2008.06.24"]
[SourceQuality "1"]

1. e4 e6 2. d4 d5 3. Nd2 c5 4. Ngf3 Nf6 5. e5 Nfd7 6. c3 Nc6 7. Bd3 Be7 8. 0-0 Qb6 9. dxc5 Nxc5 10. Bc2 Qc7 11. Re1 0-0 12. Nb3 Bd7 13. Nxc5 Bxc5 14. Bxh7+ Kxh7 15. Ng5+ Kg8 16. Qh5 Rfe8 17. Qxf7+ Kh8 18. Be3 d4 19. Bxd4 Nxd4 20. cxd4 Bxd4 21. Re4 Bxf2+ 22. Qxf2 Qb6 23. Rd4 1-0

[Event "CFriend SH-2003-0-00013 email"]
[Site "Chessfriend.com"]
[Date "2003.11.20"]
[Round "?"]
[White "Deschamp, Guy"]
[Black "Fricot, Frederic"]
[Result "1/2-1/2"]
[WhiteElo "2206"]
[BlackElo "1981"]
[PlyCount "53"]
[EventDate "2003.11.20"]
[EventType "tourn (corr)"]
[EventRounds "12"]
[SourceTitle "Corr 2008"]
[Source "ChessBase"]
[SourceDate "2008.06.24"]
[SourceVersion "1"]
[SourceVersionDate "2008.06.24"]
[SourceQuality "1"]

1. e4 c5 2. c3 d5 3. exd5 Qxd5 4. d4 Nf6 5. Nf3 Bg4 6. Be2 e6 7. h3 Bh5 8. 0-0 Nc6 9. Be3 cxd4 10. Nxd4 Bxe2 11. Qxe2 Be7 12. Rd1 0-0 13. Nd2 Rfd8 14. N2b3 Nxd4 15. Bxd4 Qf5 16. Rd2 Rd7 17. Bxf6 Rxd2 18. Nxd2 Bxf6 19. Ne4 Rd8 20. Nxf6+ Qxf6 21. Rd1 Rxd1+ 22. Qxd1 g6 23. Qd6 Qg5 24. f4 Qb5 25. b4 Qc4 26. Qe5 b5 27. Qb8+ 1/2-1/2

[Event "CFriend SH-2003-0-00013 email"]
[Site "Chessfriend.com"]
[Date "2003.11.20"]
[Round "?"]
[White "Fricot, Frederic"]
[Black "Borst, John C"]
[Result "1/2-1/2"]
[WhiteElo "1994"]
[BlackElo "2056"]
[PlyCount "65"]
[EventDate "2003.11.20"]
[EventType "tourn (corr)"]
[EventRounds "12"]
[SourceTitle "Corr 2008"]
[Source "ChessBase"]
[SourceDate "2008.06.24"]
[SourceVersion "1"]
[SourceVersionDate "2008.06.24"]
[SourceQuality "1"]

1. d4 d5 2. c4 dxc4 3. e4 Nf6 4. e5 Nd5 5. Bxc4 Nb6 6. Bb3 Nc6 7. Ne2 Bf5 8. Nbc3 e6 9. 0-0 Qd7 10. Be3 Rd8 11. Ng3 Bg6 12. h4 Nxd4 13. Bxd4 Qxd4 14. Qf3 Qxh4 15. Qxb7 Bc5 16. Qc6+ Nd7 17. Rad1 Bb6 18. Rxd7 Rxd7 19. Rd1 0-0 20. Rxd7 Qxg3 21. Qxb6 Qxc3 22. bxc3 cxb6 23. Rxa7 Rc8 24. Rb7 h6 25. Rxb6 Rxc3 26. Rb4 Rc5 27. f4 Bf5 28. Rc4 Ra5 29. Kf2 g5 30. Kf3 h5 31. a4 Kh7 32. Rb4 h4 33. fxg5 1/2-1/2

[Event "CFriend SH-2003-0-00013 email"]
[Site "Chessfriend.com"]
[Date "2003.11.20"]
[Round "?"]
[White "Fricot, Frederic"]
[Black "Koch, Christian"]
[Result "1-0"]
[WhiteElo "1981"]
[BlackElo "2222"]
[PlyCount "45"]
[EventDate "2003.11.20"]
[EventType "tourn (corr)"]
[EventRounds "12"]
[SourceTitle "Corr 2008"]
[Source "ChessBase"]
[SourceDate "2008.06.24"]
[SourceVersion "1"]
[SourceVersionDate "2008.06.24"]
[SourceQuality "1"]

1. d4 d5 2. c4 c6 3. Nf3 Nf6 4. Nc3 e6 5. e3 Nbd7 6. Qc2 Bd6 7. g4 dxc4 8. Bxc4 b6 9. e4 Bb7 10. e5 c5 11. exf6 Bxf3 12. fxg7 Rg8 13. Qxh7 Nf6 14. Bb5+ Ke7 15. Bg5 Bf4 16. Qh3 Bxh1 17. Bxf4 Qxd4 18. Qg3 Ne4 19. Nxe4 Qxe4+ 20. Kf1 Qd5 21. Be2 f6 22. Rd1 Qc6 23. g5 1-0

[Event "CFriend SH-2003-0-00013 email"]
[Site "Chessfriend.com"]
[Date "2003.11.20"]
[Round "?"]
[White "Fricot, Frederic"]
[Black "Petrov, Milen Stoyanov"]
[Result "0-1"]
[WhiteElo "1994"]
[BlackElo "2181"]
[PlyCount "88"]
[EventDate "2003.11.20"]
[EventType "tourn (corr)"]
[EventRounds "12"]
[SourceTitle "Corr 2008"]
[Source "ChessBase"]
[SourceDate "2008.06.24"]
[SourceVersion "1"]
[SourceVersionDate "2008.06.24"]
[SourceQuality "1"]

1. d4 d5 2. c4 dxc4 3. e4 Nc6 4. Be3 Nf6 5. Nc3 e5 6. d5 Na5 7. Qa4+ c6 8. dxc6 Nxc6 9. Bxc4 Bb4 10. Rd1 Bd7 11. Nf3 0-0 12. Qc2 Qe7 13. 0-0 Rac8 14. Bg5 Nd4 15. Rxd4 exd4 16. Nd5 Qd6 17. Bxf6 gxf6 18. Qd3 Bc5 19. e5 fxe5 20. Ng5 Qh6 21. Nf6+ Kg7 22. Nxd7 Qxg5 23. Nxf8 Rxf8 24. Qe4 Qf4 25. Qxb7 e4 26. Qd5 Bd6 27. g3 Qe5 28. Qb7 d3 29. Re1 d2 30. Rd1 e3 31. fxe3 Qxe3+ 32. Kg2 Bc5 33. b4 Bd4 34. Rf1 Kh8 35. Qd5 f6 36. Qf5 Qe5 37. Bd3 Qxf5 38. Bxf5 Re8 39. Bg4 Re1 40. Bd1 Kg7 41. a4 Kf7 42. Bb3+ Ke7 43. h4 Kd6 44. g4 Ke5 0-1

[Event "IECG CB.2003.0.00079 email"]
[Site "IECG email"]
[Date "2003.05.08"]
[Round "?"]
[White "Fricot, Frederic"]
[Black "Sanfrutos Lopez, Francisco Javier"]
[Result "1-0"]
[WhiteElo "1991"]
[BlackElo "1850"]
[PlyCount "70"]
[EventDate "2003.05.08"]
[EventType "tourn (corr)"]
[EventRounds "6"]
[SourceTitle "Corr 2008"]
[Source "ChessBase"]
[SourceDate "2008.06.24"]
[SourceVersion "1"]
[SourceVersionDate "2008.06.24"]
[SourceQuality "1"]

1. e4 e5 2. Nf3 Nf6 3. Nxe5 d6 4. Nf3 Nxe4 5. d4 d5 6. Bd3 Nc6 7. 0-0 Be7 8. c4 Nb4 9. Be2 0-0 10. Nc3 Be6 11. Ne5 c5 12. Nxe4 dxe4 13. d5 Bc8 14. a3 Na6 15. Qc2 f6 16. Ng4 Qc7 17. f3 f5 18. Ne3 f4 19. Ng4 e3 20. Bd3 h5 21. Nxe3 fxe3 22. Bxe3 Bd6 23. f4 Bd7 24. g3 Bh3 25. Bh7+ Kh8 26. Bg6 Rf6 27. f5 Be5 28. Bxh5 Bxf1 29. Rxf1 Kg8 30. Bg6 Nb8 31. g4 Nd7 32. g5 Rb6 33. b4 cxb4 34. c5 Nxc5 35. Qxc5 bxa3 1-0

[Event "IECG CB.2003.0.00079 email"]
[Site "IECG email"]
[Date "2003.05.08"]
[Round "?"]
[White "Lombart, Philippe"]
[Black "Fricot, Frederic"]
[Result "1/2-1/2"]
[WhiteElo "1882"]
[BlackElo "1991"]
[PlyCount "87"]
[EventDate "2003.05.08"]
[EventType "tourn (corr)"]
[EventRounds "6"]
[SourceTitle "Corr 2008"]
[Source "ChessBase"]
[SourceDate "2008.06.24"]
[SourceVersion "1"]
[SourceVersionDate "2008.06.24"]
[SourceQuality "1"]

1. d4 Nf6 2. c4 g6 3. Nc3 d5 4. cxd5 Nxd5 5. e4 Nxc3 6. bxc3 Bg7 7. Bc4 c5 8. Ne2 0-0 9. 0-0 Nc6 10. Be3 Bg4 11. f3 Na5 12. Bd3 cxd4 13. cxd4 Be6 14. d5 Bxa1 15. Qxa1 f6 16. Bh6 Re8 17. Kh1 a6 18. Nf4 Bf7 19. e5 e6 20. dxe6 Bxe6 21. exf6 Bf7 22. Rd1 Qc7 23. Be4 Qe5 24. Qxe5 Rxe5 25. Rd7 Rae8 26. h4 Nc6 27. Rxb7 Nd4 28. Bd5 Rxd5 29. Nxd5 Bxd5 30. Rg7+ Kh8 31. Rd7 Bxa2 32. Rxd4 Ra8 33. Rd7 Kg8 34. Rg7+ Kh8 35. Kh2 a5 36. Bd2 Rf8 37. Ra7 Kg8 38. Rxa5 Bf7 39. Bh6 Re8 40. g4 Rb8 41. Kg3 Rc8 42. Kf4 Re8 43. h5 Rb8 44. Re5 1/2-1/2

[Event "IECG CP.2001.Q.00004 email"]
[Site "IECG email"]
[Date "2002.10.01"]
[Round "?"]
[White "Benatar, Eric"]
[Black "Fricot, Frederic"]
[Result "1-0"]
[WhiteElo "2168"]
[BlackElo "1943"]
[PlyCount "63"]
[EventDate "2002.10.01"]
[EventType "tourn (corr)"]
[EventRounds "6"]
[EventCountry "BRA"]
[SourceTitle "Corr 2008"]
[Source "ChessBase"]
[SourceDate "2008.06.24"]
[SourceVersion "1"]
[SourceVersionDate "2008.06.24"]
[SourceQuality "1"]

1. d4 Nf6 2. c4 g6 3. Nf3 Bg7 4. Nc3 d5 5. Qb3 dxc4 6. Qxc4 0-0 7. e4 Nc6 8. Be2 Bg4 9. d5 Na5 10. Qb4 Bxf3 11. Bxf3 c6 12. 0-0 cxd5 13. exd5 Rc8 14. Re1 Re8 15. Be3 Nc4 16. Bxa7 b6 17. Rac1 Bh6 18. Rc2 Nd2 19. Bd1 Rc4 20. Qb5 Qd6 21. Be2 Rec8 22. Qa6 Qe5 23. Rd1 Nfe4 24. Bxc4 Rxc4 25. Bxb6 Bf4 26. h3 Nd6 27. Qa5 Qg5 28. Kh1 Nf3 29. b3 Be5 30. Be3 Rf4 31. Ne2 Qf5 32. Bxf4 1-0

[Event "IECG CP.2001.Q.00004 email"]
[Site "IECG email"]
[Date "2002.10.01"]
[Round "?"]
[White "Fricot, Frederic"]
[Black "Dutra Neto, Alfredo Carlos S"]
[Result "0-1"]
[WhiteElo "1943"]
[BlackElo "2147"]
[PlyCount "57"]
[EventDate "2002.10.01"]
[EventType "tourn (corr)"]
[EventRounds "6"]
[EventCountry "BRA"]
[SourceTitle "Corr 2008"]
[Source "ChessBase"]
[SourceDate "2008.06.24"]
[SourceVersion "1"]
[SourceVersionDate "2008.06.24"]
[SourceQuality "1"]

1. e4 c5 2. Nf3 d6 3. d4 cxd4 4. Nxd4 Nf6 5. Nc3 Nc6 6. Bg5 e6 7. Qd2 a6 8. 0-0-0 h6 9. Be3 Nxd4 10. Bxd4 b5 11. f4 Bb7 12. Bd3 Be7 13. Rhe1 0-0 14. Kb1 Rc8 15. h3 Nd7 16. g4 b4 17. Ne2 a5 18. g5 hxg5 19. h4 g4 20. Ng3 Bf6 21. Bxf6 Qxf6 22. h5 Nc5 23. Qe3 Rfd8 24. Be2 a4 25. e5 Qe7 26. h6 b3 27. cxb3 axb3 28. axb3 dxe5 29. fxe5 0-1

[Event "IECG CA.2002.0.00065"]
[Site "IECG email"]
[Date "2002.08.08"]
[Round "1"]
[White "Fricot, Frederic"]
[Black "Cijs, Peter"]
[Result "1-0"]
[WhiteElo "1923"]
[BlackElo "2011"]
[PlyCount "95"]
[EventDate "2002.08.08"]
[EventType "tourn (corr)"]
[EventRounds "6"]
[SourceTitle "Corr 2024"]
[Source "ChessBase"]
[SourceDate "2023.10.19"]
[SourceVersion "1"]
[SourceVersionDate "2023.10.19"]
[SourceQuality "1"]

1. e4 c5 2. Nf3 Nc6 3. d4 cxd4 4. Nxd4 Nf6 5. Nc3 d6 6. Bg5 e6 7. Qd2 a6 8. 0-0-0 h6 9. Be3 Be7 10. f4 Nxd4 11. Bxd4 b5 12. g4 0-0 13. g5 hxg5 14. fxg5 Nd7 15. h4 b4 16. Ne2 Bb7 17. Ng3 Rb8 18. g6 Bxh4 19. Bc4 Ne5 20. Bxe5 dxe5 21. gxf7+ Kxf7 22. Qxd8 Bxd8 23. Rd7+ Kg6 24. Bxe6 Bg5+ 25. Kb1 Bh6 26. Bf5+ Kg5 27. Rg1 Kh4 28. Rd3 Rbd8 29. Rb3 Bf4 30. Ne2 Rxf5 31. exf5 a5 32. a3 Be4 33. axb4 a4 34. Rc3 Bxf5 35. Nxf4 exf4 36. Rxg7 Rd1+ 37. Ka2 Be6+ 38. b3 axb3+ 39. cxb3 Rd7 40. Rg1 Rf7 41. Rc6 Rf6 42. b5 f3 43. Ka3 f2 44. Rf1 Kg3 45. b6 Kg2 46. Rxf2+ Rxf2 47. b7 Rf8 48. Rxe6 1-0

[Event "IECG CB.2002.0.00063 email"]
[Site "IECG email"]
[Date "2002.05.13"]
[Round "?"]
[White "Jensen, Soeren"]
[Black "Fricot, Frederic"]
[Result "0-1"]
[WhiteElo "1867"]
[BlackElo "1951"]
[PlyCount "38"]
[EventDate "2002.12.15"]
[EventType "tourn (corr)"]
[EventRounds "6"]
[SourceTitle "Corr 2008"]
[Source "ChessBase"]
[SourceDate "2008.06.24"]
[SourceVersion "1"]
[SourceVersionDate "2008.06.24"]
[SourceQuality "1"]

1. Nc3 c5 2. Nf3 Nf6 3. d4 cxd4 4. Nxd4 Nc6 5. Bg5 e6 6. e3 Bb4 7. Ndb5 d5 8. Bxf6 Qxf6 9. Nc7+ Ke7 10. Nxa8 Bxc3+ 11. bxc3 Qxc3+ 12. Ke2 Bd7 13. Nc7 Ne5 14. Nxd5+ exd5 15. Rb1 Rc8 16. Qd2 Qc4+ 17. Kd1 Qxa2 18. Rxb7 Kf6 19. Qc1 Rxc2 0-1

[Event "IECG CB.2002.0.00038 email"]
[Site "IECG email"]
[Date "2002.04.24"]
[Round "?"]
[White "Fricot, Frederic"]
[Black "Gloth, Gerrit"]
[Result "1/2-1/2"]
[WhiteElo "1938"]
[BlackElo "1850"]
[PlyCount "47"]
[EventDate "2002.04.24"]
[EventType "tourn (corr)"]
[EventRounds "6"]
[SourceTitle "Corr 2008"]
[Source "ChessBase"]
[SourceDate "2008.06.24"]
[SourceVersion "1"]
[SourceVersionDate "2008.06.24"]
[SourceQuality "1"]

1. c4 Nf6 2. Nc3 e6 3. d4 Bb4 4. Qc2 0-0 5. a3 Bxc3+ 6. Qxc3 b6 7. Bg5 Bb7 8. e3 d6 9. f3 Nbd7 10. Bd3 h6 11. Bh4 c5 12. Ne2 Rc8 13. 0-0 Ba6 14. b3 d5 15. Rfd1 cxd4 16. Nxd4 dxc4 17. bxc4 Qe7 18. Qb4 Qc5 19. Bg3 Ne5 20. Qxc5 Rxc5 21. Bxe5 Rxe5 22. Nc6 Rc5 23. Nxa7 Bxc4 24. Bxc4 1/2-1/2

[Event "IECC CL2-2002.13"]
[Site "IECC email"]
[Date "2002.04.24"]
[Round "?"]
[White "Fricot, Frederic"]
[Black "Kunakov, Oleg"]
[Result "1/2-1/2"]
[WhiteElo "2027"]
[BlackElo "1975"]
[PlyCount "43"]
[EventDate "2002.??.??"]
[EventType "tourn (corr)"]
[EventRounds "4"]
[SourceTitle "Corr 2008"]
[Source "ChessBase"]
[SourceDate "2008.06.24"]
[SourceVersion "1"]
[SourceVersionDate "2008.06.24"]
[SourceQuality "1"]

1. c4 e5 2. Nc3 Nf6 3. Nf3 Nc6 4. g3 Bb4 5. Bg2 0-0 6. 0-0 Re8 7. Nd5 Nxd5 8. cxd5 Nd4 9. Nxd4 exd4 10. b3 c5 11. Bb2 d6 12. a3 Ba5 13. b4 Bb6 14. e3 Bf5 15. Qb3 Rc8 16. Rfc1 dxe3 17. dxe3 Qd7 18. bxc5 Bxc5 19. a4 f6 20. Qb5 Qxb5 21. axb5 Kf7 22. Rc3 1/2-1/2

[Event "IECC CL2-2002.12"]
[Site "IECC email"]
[Date "2002.04.20"]
[Round "?"]
[White "Fricot, Frederic"]
[Black "Vercammen, Robert"]
[Result "0-1"]
[WhiteElo "2024"]
[BlackElo "2072"]
[PlyCount "58"]
[EventDate "2002.??.??"]
[EventType "tourn (corr)"]
[EventRounds "4"]
[SourceTitle "Corr 2008"]
[Source "ChessBase"]
[SourceDate "2008.06.24"]
[SourceVersion "1"]
[SourceVersionDate "2008.06.24"]
[SourceQuality "1"]

1. c4 e5 2. Nc3 Nf6 3. Nf3 Nc6 4. g3 Bb4 5. Bg2 0-0 6. 0-0 e4 7. Ng5 Bxc3 8. bxc3 Re8 9. f3 e3 10. d3 d5 11. Qb3 Na5 12. Qa3 c6 13. cxd5 cxd5 14. f4 Bg4 15. Nf3 Nc6 16. h3 Bxf3 17. Bxf3 h5 18. Rb1 b6 19. Qa4 Rc8 20. Bb2 Ne7 21. c4 d4 22. Qxa7 Nf5 23. Kh2 h4 24. gxh4 Rc5 25. Ba1 Qd6 26. Be4 Nxe4 27. dxe4 d3 28. exf5 dxe2 29. Rg1 Qxf4+ 0-1

[Event "LSS RB-2002-0-00011"]
[Site "LSS email"]
[Date "2002.04.03"]
[Round "?"]
[White "Fricot, Frederic"]
[Black "Novoa, Ruben Fernando"]
[Result "1/2-1/2"]
[WhiteElo "1938"]
[BlackElo "1860"]
[PlyCount "66"]
[EventDate "2002.04.03"]
[EventType "tourn (corr)"]
[EventRounds "6"]
[EventCountry "GER"]
[SourceTitle "Corr 2024"]
[Source "ChessBase"]
[SourceDate "2023.10.19"]
[SourceVersion "1"]
[SourceVersionDate "2023.10.19"]
[SourceQuality "1"]

1. c4 Nf6 2. Nc3 g6 3. g3 Bg7 4. Bg2 0-0 5. Nf3 d6 6. b4 a5 7. b5 Ne4 8. Bb2 Nxc3 9. Bxc3 Bxc3 10. dxc3 Nd7 11. h4 e5 12. h5 g5 13. Qd2 h6 14. 0-0-0 Qe7 15. e4 Nc5 16. Qe3 Bg4 17. Rdg1 Bxf3 18. Qxf3 f5 19. exf5 e4 20. Qe3 Rxf5 21. f4 Re8 22. Bh3 Rf7 23. Kb1 Qf6 24. Rf1 Nd3 25. Kc2 Rg7 26. Qd4 Qxd4 27. cxd4 gxf4 28. gxf4 c6 29. bxc6 bxc6 30. Rhg1 Nb4+ 31. Kd1 Nxa2 32. Rxg7+ Kxg7 33. Rg1+ Kf7 1/2-1/2

[Event "LSS RB-2002-0-00011"]
[Site "LSS email"]
[Date "2002.04.03"]
[Round "1"]
[White "Windels, Luc"]
[Black "Fricot, Frederic"]
[Result "1/2-1/2"]
[WhiteElo "1887"]
[BlackElo "1938"]
[PlyCount "105"]
[EventDate "2002.04.03"]
[EventType "tourn (corr)"]
[EventRounds "6"]
[EventCountry "GER"]
[SourceTitle "Corr 2024"]
[Source "ChessBase"]
[SourceDate "2023.10.19"]
[SourceVersion "1"]
[SourceVersionDate "2023.10.19"]
[SourceQuality "1"]

1. c4 Nf6 2. d4 g6 3. Nc3 d5 4. cxd5 Nxd5 5. e4 Nxc3 6. bxc3 Bg7 7. Nf3 c5 8. Bb5+ Nc6 9. 0-0 cxd4 10. cxd4 0-0 11. Be3 Bg4 12. Bxc6 bxc6 13. Rc1 Qa5 14. h3 Bxf3 15. Qxf3 Qxa2 16. Ra1 Qe6 17. Ra6 Qd7 18. e5 c5 19. dxc5 Bxe5 20. Qe4 Qb5 21. Rxg6+ hxg6 22. Qxe5 Rfe8 23. Bh6 f6 24. Qe6+ Kh7 25. Be3 Kg7 26. Rd1 a5 27. Rd7 Qb1+ 28. Kh2 Qf5 29. Rxe7+ Rxe7 30. Qxe7+ Kg8 31. Qb7 Rf8 32. Qb5 Qe5+ 33. g3 Qc7 34. Bf4 Qa7 35. Bd6 Rd8 36. Qc6 a4 37. Bc7 Rf8 38. Bd6 Rf7 39. Qd5 Kg7 40. Qa2 Rd7 41. Qa3 Rb7 42. g4 Rb3 43. Qa1 Qa5 44. Qd1 Qc3 45. Bg3 Qd3 46. Qe1 Qd5 47. Qe8 Rb1 48. Qe7+ Qf7 49. Qe4 Qb7 50. c6 Qb4 51. Qd5 Qe1 52. Qd7+ Kh6 53. Bf4+ 1/2-1/2

[Event "IECG CB.2002.0.00029 email"]
[Site "IECG email"]
[Date "2002.02.13"]
[Round "1"]
[White "Fricot, Frederic"]
[Black "Hermans, Marcel"]
[Result "1/2-1/2"]
[WhiteElo "1842"]
[BlackElo "1998"]
[PlyCount "41"]
[EventDate "2002.02.13"]
[EventType "tourn (corr)"]
[EventRounds "6"]
[SourceTitle "Corr 2024"]
[Source "ChessBase"]
[SourceDate "2023.10.19"]
[SourceVersion "1"]
[SourceVersionDate "2023.10.19"]
[SourceQuality "1"]

1. c4 c6 2. e4 d5 3. exd5 cxd5 4. cxd5 Nf6 5. Nc3 Nxd5 6. Nf3 Nxc3 7. bxc3 g6 8. Bb5+ Bd7 9. a4 Bg7 10. 0-0 0-0 11. Ba3 Nc6 12. Re1 Re8 13. d4 Rc8 14. Qb3 e6 15. Ne5 Qc7 16. Nxd7 Qxd7 17. Rab1 Red8 18. Re3 Qc7 19. Bxc6 bxc6 20. Qc4 Rb8 21. Ree1 1/2-1/2

[Event "IECG CB.2002.0.00029 email"]
[Site "IECG email"]
[Date "2002.02.13"]
[Round "1"]
[White "Stothard, David"]
[Black "Fricot, Frederic"]
[Result "0-1"]
[WhiteElo "1800"]
[BlackElo "1842"]
[PlyCount "34"]
[EventDate "2002.02.13"]
[EventType "tourn (corr)"]
[EventRounds "6"]
[SourceTitle "Corr 2024"]
[Source "ChessBase"]
[SourceDate "2023.10.19"]
[SourceVersion "1"]
[SourceVersionDate "2023.10.19"]
[SourceQuality "1"]

1. d4 Nf6 2. Nf3 g6 3. Nc3 d5 4. Bf4 Bg7 5. e3 0-0 6. Be2 Nbd7 7. Ne5 c6 8. h4 Nxe5 9. Bxe5 Qb6 10. Rb1 Ne4 11. Bxg7 Kxg7 12. Nxe4 dxe4 13. g4 Be6 14. b3 Qa5+ 15. Kf1 f5 16. g5 f4 17. exf4 Rxf4 0-1

[Event "IECC CL2-2002.04"]
[Site "IECC email"]
[Date "2002.02.07"]
[Round "?"]
[White "Fricot, Frederic"]
[Black "Adams, Mark"]
[Result "1-0"]
[WhiteElo "1986"]
[BlackElo "2156"]
[PlyCount "57"]
[EventDate "2002.??.??"]
[EventType "tourn (corr)"]
[EventRounds "4"]
[SourceTitle "Corr 2008"]
[Source "ChessBase"]
[SourceDate "2008.06.24"]
[SourceVersion "1"]
[SourceVersionDate "2008.06.24"]
[SourceQuality "1"]

1. c4 e5 2. g3 d6 3. Nc3 f5 4. d4 Be7 5. dxe5 dxe5 6. Qxd8+ Bxd8 7. Bg2 Nf6 8. b3 c6 9. Bb2 Nbd7 10. Nf3 0-0 11. 0-0 Re8 12. Rad1 Bc7 13. Nh4 g6 14. e4 f4 15. Rd2 Ba5 16. a3 Bxc3 17. Bxc3 Nc5 18. Re1 Nxb3 19. Rd6 Nd7 20. gxf4 exf4 21. Nxg6 hxg6 22. Rxg6+ Kh7 23. Rg4 Ne5 24. Rxf4 Nxc4 25. Kh1 Rg8 26. Rg1 Bg4 27. Bf1 Nbd2 28. Be2 Raf8 29. Rgxg4 1-0

[Event "IECG CB.2002.0.00026 email"]
[Site "IECG email"]
[Date "2002.01.16"]
[Round "?"]
[White "Gertners, Gunars"]
[Black "Fricot, Frederic"]
[Result "1/2-1/2"]
[WhiteElo "1800"]
[BlackElo "1842"]
[PlyCount "55"]
[EventDate "2002.01.16"]
[EventType "tourn (corr)"]
[EventRounds "6"]
[SourceTitle "Corr 2008"]
[Source "ChessBase"]
[SourceDate "2008.06.24"]
[SourceVersion "1"]
[SourceVersionDate "2008.06.24"]
[SourceQuality "1"]

1. c4 Nf6 2. d4 g6 3. Nc3 d5 4. cxd5 Nxd5 5. e4 Nxc3 6. bxc3 Bg7 7. Bc4 0-0 8. Ne2 c5 9. Be3 Nc6 10. 0-0 Qc7 11. Rb1 a6 12. Qc1 b5 13. Bd3 Rd8 14. Rd1 Bd7 15. f4 Bg4 16. h3 Bxe2 17. Bxe2 cxd4 18. cxd4 Rac8 19. d5 Nd4 20. Bd3 Qb7 21. Qd2 f5 22. a4 fxe4 23. Bxe4 Nf5 24. axb5 axb5 25. Bxf5 gxf5 26. Qb4 Rxd5 27. Rxd5 Qxd5 28. Qxb5 1/2-1/2

[Event "IECG CP.2001.P.00034"]
[Site "IECG email"]
[Date "2001.10.01"]
[Round "?"]
[White "Fricot, Frederic"]
[Black "Truyens, Aime"]
[Result "1/2-1/2"]
[WhiteElo "1911"]
[BlackElo "2230"]
[PlyCount "55"]
[EventDate "2001.10.01"]
[EventType "tourn (corr)"]
[EventRounds "6"]
[SourceTitle "Corr 2008"]
[Source "ChessBase"]
[SourceDate "2008.06.24"]
[SourceVersion "1"]
[SourceVersionDate "2008.06.24"]
[SourceQuality "1"]

1. c4 g6 2. Nc3 Bg7 3. d4 d6 4. e4 Nc6 5. Be3 e5 6. Nge2 exd4 7. Nxd4 Nge7 8. Be2 0-0 9. 0-0 f5 10. Qd2 fxe4 11. Nxe4 Nf5 12. Nxc6 bxc6 13. Bg5 Qe8 14. Bd3 h6 15. Bf4 g5 16. Bg3 Nxg3 17. Nxg3 Qe5 18. Rab1 Rb8 19. b3 Bg4 20. h3 Bd7 21. Rbe1 Qb2 22. Qxb2 Bxb2 23. Re7 Rf7 24. Rxf7 Kxf7 25. f4 Ke7 26. Re1+ Kf7 27. Rf1 Ke7 28. Re1+ 1/2-1/2